000 00219nam a2200097Ia 4500
008 220204s9999 xx 000 0 und d
082 _a82-3
_bWAL
100 _aWaller, Leslie
245 0 _aChange in the wind
942 _cBK
999 _c32942
_d32942